000 00854nmm a2200265 a 4500
001 ocm0001083829
003 TR-IsHL
005 20201028151843.0
008 150709s2015 tu tur
007 cr cn
020 _a9786059057288
035 _a1083829
_b(N$T)
050 0 4 _aPL248.A453
_bY47 2015
090 0 4 _aPL248.A453
_bY47 2015
100 1 _aAhmet, Orhan Fazıl
245 1 0 _aYer sema gök semah: "bir kader hikayesi"
_h[electronic resource] /
_cOrhan Fazıl Ahmet
260 _aİstanbul :
_bMola Kitap,
_c2015
300 _a233 p.
650 4 _aDil ve Edebiyat
650 4 _aLanguage and Literature
650 0 _aTürk romanı
650 0 _aTurkish fiction
650 7 _aLITERARY COLLECTIONS / Middle Eastern
_2bisacsh
856 4 0 _uhttp://search.ebscohost.com/login.aspx?direct=true&scope=site&db=e011xww&AN=1083829
999 _c11221
_d11221